Quick Pick: 'The Incredibles' Characters Quiz Stats

 Plays Quiz Updated Dec 2, 2017

Score 0/12 Timer 01:30
2 Plays Today
% Correct
Bob Parr|Mr. Incredible
97.5%
Helen Parr|Elastigirl
95.9%
Jack Jack Parr
94.1%
Dash Parr
93.4%
Lucius Best|Frozone
92.8%
Violet Parr
92.2%
Buddy Pine|Syndrome
91.4%
Edna 'E' Mode
89.5%
Bomb Voyage
74.4%
The Underminer
71%
Mirage
67.9%
Kari
39.4%

Today's Daily Dose

You're not logged in!

Compare scores with friends on all Sporcle quizzes.
OR
Log In

You Might Also Like...

Show Comments

Extras

Top Quizzes Today


Score Distribution

Your Account Isn't Verified!

In order to create a playlist on Sporcle, you need to verify the email address you used during registration. Go to your Sporcle Settings to finish the process.

Report this User

Report this user for behavior that violates our Community Guidelines.

Details: